01285nam a22003377a 4500003000500000005001700005008004100022010001000063011001000073020001500083035001100098040000900109082001600118245011900134260005100253300002300304590004100327590004100368590004100409590004100450590004100491590004200532650003900574650005700613700001900670901000700689942001000696949007800706999001700784952014600801CHAP20220817044237.0081222s2002 uk r 00010 eng d a95538 a96510 a1897676964 a107164 cCHAP04a664.93bG6500aNiche and organic chicken products :btheir technology and scientific principlesc/by S.H. Gordon and D.R. Charles aNottingham, UK :bNottingham University,c2002 ax, 320 p. :bilus. aBATCH-UPDb10c20130110lUCH01h0002 aBATCH-UPDb10c20130110lUCH01h1558 aBATCH-UPDb10c20130409lUCH01h1937 aBATCH-UPDb10c20130410lUCH01h0955 aBATCH-UPDb10c20130914lUCH01h0452 aCONVERSIONb10c20130109lUCH01h135304aAves de corralxNutrición.9867204aProteínas en nutrición de aves de corral.9924550 aCharles, D. R. aBK cLIBRO a664.93 G65bBCcLIBROd33724002050819eLIBROgI.241795h110154i107164sb c95538d95538 00102ddc4052708GRALaBCbBCcPP_GRALd2019-12-31eI.241795fLIBROl0o664.93 G65p33724002050819r2019-12-31 00:00:00w2019-12-31yLIBRO